The prophecies of the prophet Ezekiel elucidated (Record no. 22493)

MARC details
000 -LEADER
fixed length control field 00372nam a22001337a 4500
082 ## - DEWEY DECIMAL CLASSIFICATION NUMBER
Classification number 224.4
Author Cutter EZE
100 ## - MAIN ENTRY--AUTHOR NAME
Author name Ernst Wilhelm Hengstenberg
245 ## - TITLE STATEMENT
Title The prophecies of the prophet Ezekiel elucidated
260 ## - PUBLICATION, DISTRIBUTION, ETC. (IMPRINT)
Place of publication Edinburgh ,T. & T. Clark,
Name of publisher James Publication
Year of publication 1869.
300 ## - PHYSICAL DESCRIPTION
Number of Pages 538 p.
650 ## - SUBJECT ADDED ENTRY--TOPICAL TERM
Topical Term Bible. -- Ezekiel -- Commentaries.
942 ## - ADDED ENTRY ELEMENTS (KOHA)
Koha item type Books
Holdings
Home library Current library Shelving location Date acquired Full call number Accession Number Koha item type
Henry Martyn Institute Library Henry Martyn Institute Library General stacks 11/15/2018 224.4 EZE 11003876 Books
                   Copyright © 2026 | Henry Martyn Institute | Hyderabad | TS-500052 | INDIA | Implemented by hmi.edu.in
Hit-Count:

Powered by Koha